000 00707nas a2200229 4500
001 BR9512078
003 BR-BrBNA
005 20231205095626.0
007 ta
008 230509b bl.|||p| |||| 00| 00por d
040 _aBR-BrBNA
_bpor
_cBiblioteca Nacional de Agricultura
041 _a(Pt)
072 _aF01
100 1 _aFlora, S.P.
245 1 _aBordaduras. Dicas e ideias criativas para colorir o verde do jardim, tanto em areas sombreadas, quanto nas de sol pleno
650 _aJardinagem
650 _aPaisagismo
650 _aPlanta Ornamental
773 0 _tNatureza (Brazil)
_x
_g(Nov 1995), v. 8(94) p. 32-37
_wBR9512078
909 _a202311
_bLúcia
_c55
_dLúcia Elande
942 _2AGRIS
_n0
_cANA
999 _c151772
_d151772